Siedmiu architektów XX wieku

Bibliographic Details
Main Author: Fiałkowski, Władysław (Author)
Format: Book
Language:Undetermined
PhysicalDescription:186 s.
Published: Warszawa Krajowa agencja wydawnicza 1981

MARC

LEADER 00000nam a2200000 a 4500
001 vtls001311529
003 SK-MaSNL
005 20260301155821.0
008 240314s1981 xx 0 und
035 |a SNK000263906 
040 |a SNK  |b slo  |c SNK  |e AACR2 
100 1 |a Fiałkowski, Władysław  |4 aut  |9 520539 
245 1 0 |a Siedmiu architektów XX wieku 
260 |a Warszawa  |b Krajowa agencja wydawnicza  |c 1981 
300 |a 186 s. 
958 |a OND 
999 |c 802811  |d 804741 
952 |t P60, <04>, [BOOK], {604}  |a SNK  |b SNK  |y VYP  |7 0  |p 17A0109642  |o snkID 77542  |0 0  |1 0  |4 0  |d 1997-11-21  |l 0  |r 2005-01-02 00:00:00  |w 2026-02-24